000 00664nam a22001817a 4500
999 _c177390
_d177390
005 20210219161512.0
010 _aENG-129045
020 _c699.00
_a978-0-3490-0824-0
035 _aEN-112577
037 _bDBAD/PUB
082 _a954.0099
100 _aHickman, Katie
245 _aShe-Merchants, Buccaneers and Gentlewomen: British Women in India/
_cKatie Hickman
260 _aGurugram
_bHachette Book Publishing India Pvt. Ltd.
_c2019
270 _bGurugram
_a4th/5th Floors, Corporate Centre, Plot No- 94, Sec- 44
_e122003
300 _a390p.
_c24cm(pbk)
_bIncluding bibliographical references and index.
942 _2ddc
_cEN
_h954.0099
_mHIC